Ανάλυση τροφίμων : θεωρία μεθοδολογίας - οργανολογίας και εργαστηριακές ασκήσεις
Αποθηκεύτηκε σε:
| Κύριος συγγραφέας: | |
|---|---|
| Μορφή: | Βιβλίο |
| Γλώσσα: | Greek |
| Δημοσίευση: |
[Αθήνα] :
[Νέον],
[2022].
|
| Έκδοση: | 2η έκδ. βελτ. και διορ. |
| Θέματα: | |
| Ετικέτες: |
Προσθήκη ετικέτας
Δεν υπάρχουν, Καταχωρήστε ετικέτα πρώτοι!
|
MARC
| LEADER | 00000cam a2200000 i 4500 | ||
|---|---|---|---|
| 001 | 1/125181 | ||
| 008 | 220704s2015####gr |||||||||| ||gre|| | ||
| 020 | |a 9789609378130 |q (χαρτόδετο) | ||
| 040 | |a GR-MY-UA |b gre | ||
| 041 | 0 | |a gre | |
| 082 | 0 | |a 664 |2 (22) | |
| 100 | 1 | |a Ανδρικόπουλος, Νικόλαος Κ., |d 1945- | |
| 245 | 1 | 0 | |a Ανάλυση τροφίμων : |b θεωρία μεθοδολογίας - οργανολογίας και εργαστηριακές ασκήσεις / |c Νικόλαος Κ. Ανδρικόπουλος. |
| 250 | |a 2η έκδ. βελτ. και διορ. | ||
| 260 | |a [Αθήνα] : |b [Νέον], |c [2022]. | ||
| 300 | |a 468 σ. ; |b σχεδ., πίν. ; |c 24 εκ. | ||
| 650 | 0 | 0 | |a Food |x Analysis. |
| 852 | |a INST |b LEMNOS |c EUDOXUS |e 20220704 |h 664 ΛΑΖ |p 005600003300 |q 005600003300 |t EDX |y 0 | ||
| 920 | |a Εύδοξος |b Παραγγελία |y Λήμνος-ΤΕΤΔ |z 2022-05 | ||
| 970 | |a Παπαθανασοπούλου |b 'Ελενα |z 04/07/2022 | ||